[Event "5. OPEN International Championship of Vo"]
[Site "Novi Sad - MASTER CENTAR - SAJ"]
[Date "2014.07.15"]
[Round "5.26"]
[White "Zlatic, Milan"]
[Black "Damljanovic, Branko"]
[Result "0-1"]
[WhiteElo "2157"]
[BlackElo "2562"]
[PlyCount "126"]
[EventDate "2014.07.12"]

1. e4 c5 2. Nf3 e6 3. Nc3 a6 4. g3 b5 5. Bg2 Bb7 6. d3 Be7 7. O-O Nc6 8. Re1 d6
9. d4 cxd4 10. Nxd4 Nxd4 11. Qxd4 Nf6 12. Bg5 Qc7 13. a4 h6 14. Be3 e5 15. Qd2
b4 16. Nd5 Bxd5 17. exd5 a5 18. Rec1 Ng4 19. c4 Nxe3 20. Qxe3 O-O 21. b3 Bg5
22. f4 exf4 23. gxf4 Rae8 24. Qf2 Bf6 25. Ra2 Bc3 26. Bf3 Qd8 27. Kh1 Qf6 28.
Bg2 Bd4 29. Qf3 Re3 30. Qg4 Rfe8 31. Rf1 Re1 32. Rd2 Rxf1+ 33. Bxf1 Bc5 34. Re2
Rxe2 35. Bxe2 g6 36. Qf3 Qd4 37. Qf1 f5 38. Kg2 Kg7 39. Bd3 Kf8 40. Kh1 Qe3 41.
Kg2 Bd4 42. Kh1 Bc3 43. Kg2 Bd2 44. Qf3 Qxf4 45. Qxf4 Bxf4 46. h3 Ke7 47. Kf3
Be5 48. Bc2 Kf6 49. Bd3 g5 50. Bc2 h5 51. Bd3 g4+ 52. hxg4 hxg4+ 53. Kg2 f4 54.
Be4 Kg5 55. c5 dxc5 56. d6 Bxd6 57. Bd5 Be5 58. Kf2 Bd4+ 59. Kg2 f3+ 60. Kg3
Be5+ 61. Kf2 Kf4 62. Kf1 g3 63. Kg1 Bd4+ 0-1

[Event "5. OPEN International Championship of Vo"]
[Site "Novi Sad - MASTER CENTAR - SAJ"]
[Date "2014.07.15"]
[Round "5.27"]
[White "Lukajic, Bojan"]
[Black "Popovic, Dusan"]
[Result "1/2-1/2"]
[WhiteElo "2153"]
[BlackElo "2527"]
[PlyCount "32"]
[EventDate "2014.07.12"]

1. e4 d6 2. d4 Nf6 3. Nc3 e5 4. Nf3 Nbd7 5. d5 Be7 6. h3 O-O 7. Be3 c6 8. Qd2
cxd5 9. exd5 g6 10. g4 b5 11. a3 Nb6 12. g5 Nh5 13. O-O-O Qc7 14. Be2 Nc4 15.
Bxc4 bxc4 16. Nxe5 dxe5 1/2-1/2

[Event "5. OPEN International Championship of Vo"]
[Site "Novi Sad - MASTER CENTAR - SAJ"]
[Date "2014.07.15"]
[Round "5.29"]
[White "Pasko, Llambi"]
[Black "Jovanovic, Milenko"]
[Result "1-0"]
[WhiteElo "2285"]
[BlackElo "2154"]
[PlyCount "61"]
[EventDate "2014.07.12"]

1. d4 Nf6 2. c4 e6 3. Nf3 b6 4. g3 Ba6 5. b3 Bb4+ 6. Bd2 Be7 7. Bg2 Bb7 8. Nc3
Ne4 9. Qc2 Nxd2 10. Qxd2 d6 11. e4 O-O 12. O-O c5 13. Rad1 cxd4 14. Nxd4 a6 15.
Qe3 Qc7 16. Rfe1 Nd7 17. f4 Rfe8 18. Kh1 Rac8 19. a4 Rcd8 20. g4 Bf8 21. Qg3 e5
22. Nf5 g6 23. Ne3 exf4 24. Qxf4 Bg7 25. Ncd5 Bxd5 26. Nxd5 Qc5 27. Rf1 Ne5 28.
g5 Bh8 29. Rfe1 Re6 30. Re3 f6 31. gxf6 1-0

[Event "5. OPEN International Championship of Vo"]
[Site "Novi Sad - MASTER CENTAR - SAJ"]
[Date "2014.07.15"]
[Round "5.30"]
[White "Juhasz, Bencze"]
[Black "Cengija, Vanja"]
[Result "0-1"]
[WhiteElo "2033"]
[BlackElo "2263"]
[PlyCount "66"]
[EventDate "2014.07.12"]

1. e4 d6 2. d4 Nf6 3. Bd3 e5 4. d5 Be7 5. h3 Nbd7 6. c4 O-O 7. Nc3 Nc5 8. g4
Ne8 9. Nf3 c6 10. Be3 Nxd3+ 11. Qxd3 Nc7 12. a4 Na6 13. a5 c5 14. Kf1 Bd7 15.
Qe2 b6 16. axb6 axb6 17. Kg2 Qc8 18. Nd2 g6 19. Bh6 Re8 20. Nf1 Nc7 21. Ne3 Bf8
22. Rxa8 Qxa8 23. Bxf8 Rxf8 24. h4 Ne8 25. h5 Qd8 26. Qf3 Qg5 27. Qg3 Nf6 28.
Kf3 Kh8 29. Ne2 Ra8 30. Ng1 gxh5 31. gxh5 Qh6 32. Qh4 Rg8 33. Ke2 Rg5 0-1

[Event "5. OPEN International Championship of Vo"]
[Site "Novi Sad - MASTER CENTAR - SAJ"]
[Date "2014.07.15"]
[Round "5.31"]
[White "Besedes, Danilo"]
[Black "Ljubinkovic, Miodrag"]
[Result "1/2-1/2"]
[WhiteElo "2029"]
[BlackElo "2254"]
[PlyCount "80"]
[EventDate "2014.07.12"]

1. d4 d5 2. c4 c6 3. Nf3 Nf6 4. Nc3 dxc4 5. a4 Bf5 6. e3 e6 7. Bxc4 Nbd7 8. O-O
Bb4 9. Bd2 a5 10. h3 O-O 11. Qe2 Nb6 12. Bb3 Bg6 13. Ne5 Bh5 14. g4 Bg6 15.
Nxg6 hxg6 16. Rfd1 Rc8 17. e4 Nfd7 18. Be3 Qe7 19. Rac1 Rfd8 20. Kg2 c5 21. Nb5
cxd4 22. Bxd4 Rc6 23. Rxc6 bxc6 24. Bxb6 Nxb6 25. Nd4 Qb7 26. Qc2 c5 27. Nf3
Qc7 28. Rxd8+ Qxd8 29. Ne5 Qc7 30. Nc4 Nd7 31. Qd3 Nf6 32. Bc2 Qf4 33. Qe3 Qxe3
34. Nxe3 g5 35. Kf3 Kf8 36. Bd3 Ke7 37. Nc4 Nd7 38. e5 Nb8 39. Be4 Na6 40. Bb7
Nc7 1/2-1/2

[Event "5. OPEN International Championship of Vo"]
[Site "Novi Sad - MASTER CENTAR - SAJ"]
[Date "2014.07.15"]
[Round "5.32"]
[White "Petkovic, Radosav"]
[Black "Cica, Dragan"]
[Result "0-1"]
[WhiteElo "2253"]
[BlackElo "2152"]
[PlyCount "82"]
[EventDate "2014.07.12"]

1. e4 c5 2. Nf3 d6 3. d4 cxd4 4. Qxd4 Nc6 5. Qe3 Nf6 6. c4 g6 7. h3 Bg7 8. Be2
O-O 9. O-O Nd7 10. Nc3 Nc5 11. Rd1 f5 12. exf5 Bxf5 13. g4 Bd7 14. Ng5 Be5 15.
Nd5 e6 16. f4 exd5 17. fxe5 d4 18. Rxd4 Nxd4 19. Qxd4 Ne6 20. Nxe6 Bxe6 21.
exd6 Qh4 22. Kg2 Bd7 23. Bf4 Bc6+ 24. Kh2 Rxf4 25. Qxf4 Rf8 26. Qe3 Qf2+ 27.
Qxf2 Rxf2+ 28. Kg3 Rxe2 29. Rd1 Bd7 30. c5 g5 31. Rd3 Rxb2 32. Re3 Bc6 33. h4
Rxa2 34. hxg5 a5 35. Re7 Rd2 36. Kh4 a4 37. g6 hxg6 38. Kg5 Rd4 39. Rc7 a3 40.
Kf6 a2 41. Rc8+ Kh7 0-1